|
|
|
|
| LEADER |
01289nam a22002897a 4500 |
| 001 |
36779 |
| 003 |
BD-DhAAL |
| 005 |
20211222163747.0 |
| 008 |
191205t20172017enka o 001 0 eng d |
| 999 |
|
|
|c 40845
|d 40845
|
| 020 |
|
|
|a 1787125335
|
| 020 |
|
|
|a 9781787125339
|
| 020 |
|
|
|a 9781787122147
|
| 040 |
|
|
|a BD-DhAAL
|
| 082 |
|
|
|2 23
|a 005.758
|
| 100 |
|
|
|a Prusty, Narayan
|9 38059
|
| 245 |
|
|
|a Building Blockchain projects :
|b develop real-time practical DApps using Ethereum and JavaScript /
|c Narayan Prusty.
|
| 260 |
|
|
|a Birmingham, England ;
|a Mumbai, [India] :
|b Packt,
|c 2017.
|
| 300 |
|
|
|a vi, 244 pages :
|b illustrations (some color) ;
|c 24 cm.
|
| 500 |
|
|
|a Includes index.
|
| 526 |
|
|
|a CSE
|
| 650 |
|
|
|a Distributed databases.
|9 38060
|
| 650 |
|
|
|a Computer science.
|9 38061
|
| 852 |
|
|
|a Ayesha Abed Library
|c General Stacks
|
| 942 |
|
|
|2 ddc
|c BK
|
| 952 |
|
|
|0 0
|1 0
|2 ddc
|4 0
|6 005_758000000000000_PRU
|7 0
|9 67330
|a BRACUL
|b BRACUL
|c GEN
|d 2019-12-02
|e Book Finder International
|g 1200.00
|l 3
|m 48
|o 005.758 PRU
|p 3010036780
|q 2025-07-09
|r 2023-04-04
|s 2023-04-04
|t 2
|v 1200.00
|w 2019-12-02
|y BK
|
| 952 |
|
|
|0 0
|1 0
|2 ddc
|4 0
|6 005_758000000000000_PRU
|7 0
|9 67331
|a BRACUL
|b BRACUL
|c GEN
|d 2019-12-02
|e Book Finder International
|g 1200.00
|l 6
|m 44
|o 005.758 PRU
|p 3010036779
|r 2025-01-07
|s 2024-12-12
|t 1
|v 1200.00
|w 2019-12-02
|y BK
|